LEADER 00713nam0-2200241 --450 001 9910904499003321 005 20241120104529.0 100 $a20241120d1982----kmuy0itay5050 ba 101 0 $aspa 102 $aES 105 $ay 001yy 200 1 $a2. conferencia internacional del lupino$eTorremolinos (Màlaga) 2-10 de Mayo de 1982$eResùmenes abstracts 210 $a[S. l.]$c[s. n.]$d1982 215 $a99 c.$d28 cm 610 0 $aLupino$aConferenza 676 $a633.3$v23$zita 801 0$aIT$bUNINA$gREICAT$2UNIMARC 901 $aBK 912 $a9910904499003321 952 $aA AGR 1858$b14711/2024$fFAGBC 959 $aFAGBC 996 $a2. conferencia internacional del lupino$94290470 997 $aUNINA LEADER 02129nam 2200385z- 450 001 9910131416503321 005 20210211 010 $a3-03842-051-4 035 $a(CKB)3710000000492917 035 $a(oapen)https://directory.doabooks.org/handle/20.500.12854/53427 035 $a(NjHacI)993710000000492917 035 $a(oapen)doab53427 035 $a(EXLCZ)993710000000492917 100 $a20202102d2015 |y e 101 0 $aeng 135 $aurmn|---annan 181 $ctxt$2rdacontent 182 $cc$2rdamedia 183 $acr$2rdacarrier 200 00$aMicrolenses 210 $cMDPI - Multidisciplinary Digital Publishing Institute$d2015 215 $a1 online resource (160 p.) 311 08$a3-03842-050-6 330 $aThe study and application of microscale lenses and lens arrays enjoys a long history. Advances in microfabrication technologies in the past few decades have enabled the design and fabrication of microlenses and microlens arrays through many different approaches. In recent years, there has been notably a host of exciting developments in the microlenses and microlens arrays, including tunable-focus ones, those fabricated on non-planar substrates and surfaces, and microlens arrays mimicking natural compound eyes, to name just a few. The developments in microlenses and microlens arrays have found profound applications in many engineering and biomedical fields, including but not limited to optical coherence tomography (OCT), endoscopy, photolithography, 3-dimensional imaging, optical communications, and lab on chips. This Special Issue aims to highlight the state of the art in the development of microlenses and microlens arrays; examples being fabrication technologies and optical characterizations. It also focuses on their applications when implemented in microoptical systems. 606 $aMicrofluidics 615 0$aMicrofluidics. 676 $a532.05 700 $aJiang$b Hongrui$01158062 702 $aZeng$b Xuefeng 801 0$bNjHacI 801 1$bNjHacl 906 $aBOOK 912 $a9910131416503321 996 $aMicrolenses$92705016 997 $aUNINA